000 05136cam a22008774i 4500
003 PE-LiUPU
005 20250731170456.0
008 150706s2004 sp a rb 000 0 spa d
020 _a8436827732
020 _a9788436827736
035 _a(Sirsi) i9788436827736
040 _aPE-LiUPU
_bspa
_cPE-LiUPU
_erda
049 _aPRUA
100 1 _aTrianes Torres, María Victoria,
_eautor.
082 0 4 _a155.7
_bP86
_221
245 1 0 _aPsicología del desarrollo y de la educación /
_cautores, Maria Victoria Triane Torres [y otros catorce] ; coordinadora, Maria Victoria Triane Torres.
264 1 _aMadrid :
_bPirámide,
_c[2004] .
264 1 _aMadrid :
_bPirámide,
_c2012.
300 _a317 páginas :
_bilustraciones ;
_c24 centímetros.
336 _atext
_2rdacontent
337 _aunmediated
_2rdamedia
338 _avolume
_2rdacarrier
490 1 _aPsicología
504 _aBibliografía: páginas 301-317.
505 0 _aDefinición, campos y proceso histórico de la psicología del desarrollo y de la educación como ciencias empíricas -- Desarrollo físico y motor -- Desarrollo cognitivo en la edad escolar -- Desarrollo comunicativo y lingüístico -- Desarrollo afectivo -- Desarrollo social y moral -- Modelos de aprendizaje conductual y social -- Enfoques cognitivos de aprendizaje escolar -- Perspectiva constructivista del aprendizaje escolar -- Aprender en el siglo XXI: enfoques de aprendizaje y calidad de los resultados -- Procesos motivacionales en el aprendizaje escolar -- Autoconcepto -- Educación de la convivencia en el contexto escolar.
526 _aSEG68
526 _aSEG70
526 _aSEG69
526 _aSEG67
526 _aSEG43
526 _aP144
526 _aP143
526 _aP131
526 _aP122
526 _aP120
526 _aP117
526 _aP112
526 _aP110
526 _aP106
526 _aP101
526 _aP80
526 _aP59
526 _aP54
526 _aP35
526 _aP33
526 _aP30
541 _g001-0037437;
541 _g001-0037437;
541 _g003-001187;
541 _g002-00000795;
541 _gf002-00000834;
650 4 _aEducación.
650 4 _aPsicología del desarrollo.
650 4 _aDesarrollo.
910 _agl
_cng
_d20130701
910 _tqv
_d20180220
910 _armch
_btqv
_cjfb
_d20190129
910 _adbm
_brri
_crri
_d20190108
942 _2ddc
_cBOOK
949 _a155.7 P8
_wDEWEY
_c1
_i67787
_lCCODEBUL1
_mBUL
_p45.00
_r0
_sY
_tBOOK
_u2015-7-6
_xSALUD
_PP33
_o.STAFF. Colección General
949 _a155.7 P8
_wDEWEY
_c2
_i67788
_lCCODEBUL1
_mBUL
_p45.00
_r0
_sY
_tBOOK
_u2015-7-6
_xSALUD
_PP33
_o.STAFF. Colección General
949 _a155.7 P81 2012
_wDEWEY
_c1
_iFJ10364
_lCCODEBUJ1
_mBUJ
_p38.00
_r0
_sY
_tBOOK
_u2018-02-20
_xSALUD
_PP33
_0COMPRA
_o.STAFF. Colección General Juliaca
949 _a155.7 P81 2012
_wDEWEY
_c2
_iFJ10365
_lCCODEBUJ1
_mBUJ
_p38.00
_r0
_sY
_tBOOK
_u2018-02-20
_xSALUD
_PP33
_0COMPRA
_o.STAFF. Colección General Juliaca
949 _a155.7 P81 2012
_wDEWEY
_c3
_iFJ12473
_lCCODEBUJ1
_mBUJ
_p38.00
_r0
_sY
_tBOOK
_u2019-01-29
_xSALUD
_zPSICOLOGÍA
_0COMPRA
_o.STAFF. Colección General Juliaca
949 _a155.7 P81 2012
_wDEWEY
_c4
_iFJ01492
_lCCODEBUJ1
_mBUJ
_p38.00
_r0
_sY
_tBOOK
_u2019-01-29
_xSALUD
_zPSICOLOGÍA
_0COMPRA
_o.STAFF. Colección General Juliaca
994 _aC0
_bPEPRU
596 _a1 3
999 _a155.7 P8
_wDEWEY
_c55321
_i67787
_d55321
_e2019-3-8
_f2021-11-3
_g6
_lCCODEBUL1
_mBUL
_n8
_p45.00
_q5
_r0
_sY
_tBOOK
_u2015-7-6
_xSALUD
_zP33
_0COMPRA
_o.STAFF. Colección Ciencias de la Salud
999 _a155.7 P8
_wDEWEY
_c2
_i67788
_d2018-8-16
_e2016-5-30
_f2021-11-3
_g5
_lCCODEBUL1
_mBUL
_n3
_p45.00
_q3
_r0
_sY
_tBOOK
_u2015-7-6
_xSALUD
_zP33
_0COMPRA
_o.STAFF. Colección Ciencias de la Salud
999 _a155.7 P8
_wDEWEY
_c3
_i79852
_f2021-11-3
_g4
_lCCODEBUL1
_mBUL
_p128.00
_r0
_sY
_tBOOK
_u2019-1-8
_xSALUD
_zP33
_0COMPRA
_1FCOMPR2
_o.STAFF. Colección Ciencias de la Salud
999 _a150.922 T81 2012
_wDEWEY
_c1
_iFJ01492
_d2019-6-10
_f2022-1-17
_g4
_lCCODEBUJ1
_mBUJ
_p45.00
_q4
_r0
_sY
_tBOOK
_u2015-12-10
_xSALUD
_zP33
_0COMPRA
_o.STAFF. Colección General Juliaca
999 _a150.922 T81 2012
_wDEWEY
_c2
_iFJ10364
_d2019-8-14
_e2018-9-5
_f2022-1-17
_g3
_lCCODEBUJ1
_mBUJ
_n1
_p38.00
_q3
_r0
_sY
_tBOOK
_u2018-2-20
_xSALUD
_zP33
_0COMPRA
_o.STAFF. Colección General Juliaca
999 _a150.922 T81 2012
_wDEWEY
_c3
_iFJ10365
_d2019-11-20
_e2019-8-19
_f2022-1-17
_g3
_lCCODEBUJ1
_mBUJ
_n3
_p38.00
_q5
_r0
_sY
_tBOOK
_u2018-2-20
_xSALUD
_zP33
_0COMPRA
_o.STAFF. Colección General Juliaca
999 _a150.922 T81 2012
_wDEWEY
_c4
_iFJ12473
_d2019-8-21
_e2019-8-19
_f2022-1-17
_g3
_lCCODEBUJ1
_mBUJ
_n1
_p38.00
_q1
_r0
_sY
_tBOOK
_u2019-1-29
_xSALUD
_zP33
_0COMPRA
_1FCOMPR2
_2UNKNOWN
_o.STAFF. Colección General Juliaca
980 _81
_gALBERTO SANCHEZ Responsable de Automatización